El fenm̤eno de la inmigracin̤ en Europa perspectivas jurd̕icas y econm̤icas /

Detalles Bibliográficos
Otros Autores: Argerey Vilar, Patricia
Formato: Desconocido
Lenguaje:español
Publicado: Madrid : Dykinson, 2005
Materias:
Acceso en línea:Acceso restringido

MARC

LEADER 00000ny a22000003n 4500
005 20110523133026.0
008 080610s2005 sp s 000 0 spa c
020 |a 8497726014 
035 |a 1281 
040 |a UMA.RE  |d vLex 
080 |a 314.74(4-672UE)(0.034) 
090 |c 160  |d 160 
245 0 3 |a El fenm̤eno de la inmigracin̤ en Europa  |h [Recurso electrn̤ico]  |b perspectivas jurd̕icas y econm̤icas /  |c Patricia Argerey Vilar ... [et al.] ; coordinadora Patricia Argerey Vilar 
256 |a Servicio en ln̕ea 
260 |a Madrid :  |b Dykinson,  |c 2005 
506 1 |a Contenido solo disponible en los productos indicados  |d vLex Global  |d vLex Global (Academic Edition, excluding Law Schools)  |d vLex Global (U.S. Academic Edition, Law Schools)  |d vLex Global (U.S. Academic Edition, excluding Law Schools)  |d vLex Global (Academic Edition, Law Schools) 
650 0 7 |2 Tesauro vLex  |a Comunitario 
650 0 7 |2 Tesauro vLex  |a Inmigracin̤ 
700 1 |a Argerey Vilar, Patricia 
740 0 |a vLex Libros (Servicios en ln̕ea) 
856 4 0 |z Acceso restringido  |u http://vlex.com/source/inmigracion-europa-perspectivas-juridicas-economicas-1281 
942 |c BOOK 
999 0 |a Emigration and immigration  |b Spain